Trouvez ces monuments Français Avec Leurs photos. - Statistiques

Statistiques générales
  • Ce quiz a été pris 60 fois
  • Le résultat moyen est 7 sur 12
Statistiques - réponses
Par images Réponse % Correct
Tour Eiffel
98%
Arc de Triomphe
91%
Mont Saint-Michel
91%
Louvre
88%
Notre dame de Paris
78%
Stade Velodrome
69%
Versailles
66%
Chambord
62%
Notre Dame de La garde
29%
Cathédrale de Notre Dame de Rouen
10%
Chapelle de Ronchamp
9%
Château de Carcassone
9%
Aucun quiz correspondant
Distribution des résultats
% des personnes avec chaque résultat
Percentile par nombre de réponses
Votre historique - résultats
Vous n’avez pas pris ce quiz